Вспомогательный тлеющий разряд в узле запуска тиратрона с холодным катодом; Физика плазмы; Т. 42, № 8

Bibliographic Details
Parent link:Физика плазмы.— , 1975-
Т. 42, № 8.— 2016.— [С. 775-784]
Other Authors: Королев Ю. Д. Юрий Дмитриевич, Ландль Н. В. Николай Владимирович, Гейман В. Г. Владимир Гарьевич, Франц О. Б. Олег Борисович, Шемякин И. А. Илья Александрович, Нехорошев В. О. Виталий Олегович
Summary:Заглавие с экрана
Режим доступа: по договору с организацией-держателем ресурса
Language:Russian
Published: 2016
Subjects:
Online Access:http://dx.doi.org/10.7868/S0367292116080059
Format: MixedMaterials Electronic Book Chapter
KOHA link:https://koha.lib.tpu.ru/cgi-bin/koha/opac-detail.pl?biblionumber=650738

MARC

LEADER 00000naa0a2200000 4500
001 650738
005 20250317104810.0
035 |a (RuTPU)RU\TPU\network\15987 
035 |a RU\TPU\network\5956 
090 |a 650738 
100 |a 20161018d2016 k||y0rusy50 ca 
101 0 |a rus 
102 |a RU 
135 |a drcn ---uucaa 
181 0 |a i  
182 0 |a b 
200 1 |a Вспомогательный тлеющий разряд в узле запуска тиратрона с холодным катодом  |f Ю. Д. Королев [и др.] 
203 |a Текст  |c электронный 
300 |a Заглавие с экрана 
320 |a [Библиогр.: с. 784 (30 назв.)] 
333 |a Режим доступа: по договору с организацией-держателем ресурса 
461 |t Физика плазмы  |d 1975- 
463 |t Т. 42, № 8  |v [С. 775-784]  |d 2016 
610 1 |a электронный ресурс 
610 1 |a труды учёных ТПУ 
610 1 |a тлеющий разряд 
610 1 |a узлы запуска 
610 1 |a тиратроны 
610 1 |a холодные катоды 
701 1 |a Королев  |b Ю. Д.  |c электрофизик  |c профессор Томского политехнического университета, доктор физико-математических наук   |f 1945-  |g Юрий Дмитриевич  |3 (RuTPU)RU\TPU\pers\26833  |9 12452 
701 1 |a Ландль  |b Н. В.  |g Николай Владимирович 
701 1 |a Гейман  |b В. Г.  |g Владимир Гарьевич 
701 1 |a Франц  |b О. Б.  |g Олег Борисович 
701 1 |a Шемякин  |b И. А.  |g Илья Александрович 
701 1 |a Нехорошев  |b В. О.  |g Виталий Олегович 
801 2 |a RU  |b 63413507  |c 20161018  |g RCR 
856 4 |u http://dx.doi.org/10.7868/S0367292116080059 
942 |c CF